01018nam a2200313 c 450000100060000000300100000600500170001600700030003300800410003602000180007704000350009504100130013008200170014324500800016025000220024026400490026230000420031133600270035333700330038033800280041349000200044152100420046153400470050365000350055065000380058565000290062370000220065270000300067459437CO-BoRNBP20251010133312.0ta200514s2008 sp a gr 000 0 spa d a9788466213660 aCO-BoRNBPbspaerdacCO-BoRNBP1 aspaheng04a608bH6522303aEl hombre y sus inventos /ctraducción Marta Olmos y Alicia de la Peña. aPrimera edición 1aMadrid, España :bEditorial Planeta,c2008 a96 páginas :bilustraciones a color atextobtxt2rdacontent asin mediaciónbn2rdamedia avolumenbnc2rdacarrier aSaber y Conocer aRecomendado para público en general tThe living world, technology and transport07aInnovaciones en medicina2lemb07aInnovaciones tecnológicas2LEMB07aInventosxHistoria2LEMB aOlmos, Martaetrl aPeña, Alicia de laetrl